00959cim a22002297a 450000500170000000700150001700800410003202400180007304000130009108200200010410000260012424500940015026000740024430000300031865000800034865300200042870000280044871000470047694200250052399900170054895201640056520140923122751.0sd uuuuuudmuud140714t2013 xx nnnnfs s| c eng d a9781133565772 aEG-ScBUE04222a428.24bDOU1 aDouglas, Nancy93596110aWorld class 2h[sound recording] :bclassroom audio CD /cNancy Douglas, James R. Morgan. a[S. l.] :bNational Geographic Learning :bCengage Learning,cc.2013. a1 sound disc ;c4 3/4 in. 0aEnglish language vTextbooks for foreign speakersvAudio-visual aids936053 0bEEENGcJuly20141 aMorgan, James R.9360222 935969aNational Geographic Learning (Firm) 2ddccCDRk428.24 DOU c18358d18330 00102ddc40708ILBaMAINbMAINc2NDd2014-07-14epurchaseg270.00h4031l0o428.24 DOUp000029720r2022-08-24 00:00:00v337.50w2014-07-14yCDVDNz1 audio CD